MARC

LEADER 00000nam1a2200000 4500
001 270662
005 20231101234350.0
035 |a (RuTPU)RU\TPU\book\293843 
035 |a RU\TPU\book\294493 
090 |a 270662 
100 |a 20141006d1986 k y0rusy5003 ca 
101 0 |a rus 
102 |a UA 
200 1 |a Тезисы докладов XIII Всесоюзной конференции по акустоэлектронике и квантовой акустике, 8-10 октября 1986 г., Черновцы  |f Академия наук СССР (АН СССР), Институт радиотехники и электроники (ИРЭ) ; Академия наук Украинской ССР (АН УССР), Институт полупроводников (ИП) ; Киевский государственный университет им. Т. Г. Шевченко ; Черновицкий государственный университет 
210 |a Киев  |c [Б. и.]  |d 1986 
712 0 2 |a Академия наук СССР (АН СССР)  |b Институт радиотехники и электроники (ИРЭ)  |c (Москва)  |2 stltpush  |3 (RuTPU)RU\TPU\col\14322 
712 0 2 |a Академия наук Украинской ССР (АН УССР)  |b Институт полупроводников (ИП)  |c (Киев)  |2 stltpush  |3 (RuTPU)RU\TPU\col\12057 
712 0 2 |a Киевский государственный университет им. Т. Г. Шевченко  |2 stltpush  |3 (RuTPU)RU\TPU\col\12766  |9 25523 
712 0 2 |a Черновицкий государственный университет  |2 stltpush  |3 (RuTPU)RU\TPU\col\17589  |9 26701 
712 1 2 |a Акустоэлектроника и квантовая акустика  |c конференция  |d 13  |e Черновцы  |f 1986 
801 0 |a RU  |b RuMRKP  |c 19950704  |g psbo 
801 1 |a RU  |b 63413507  |c 20140930 
801 2 |a RU  |b 63413507  |c 20151102  |g RCR 
942 |c BK